Most expensive football transfers - Born in 1996 - Statistics

General Stats
  • This quiz has been taken 21 times
  • The average score is 9 of 10
Answer Stats
Fee (M €) Season Nationality Left Joined Player % Correct
70,00 2019-2020 Spain Atlético Madrid Manchester City Rodri
100%
50,20 2023-2024 Cameroon Inter Manchester United André Onana
90%
80,00 2019-2020 France Atlético Madrid Bayern Munich Lucas Hernández
90%
58,00 2022-2023 Brazil Leeds Barcelona Raphinha
90%
80,60 2020-2021 Brazil Barcelona Juventus Arthur Melo
85%
50,00 2023-2024 South Korea SSC Napoli Bayern Munich Min-jae Kim
85%
53,00 2020-2021 Germany RB Leipzig Chelsea Timo Werner
85%
50,20 2020-2021 England Leicester Chelsea Ben Chilwell
80%
52,00 2016-2017 Germany FC Schalke 04 Manchester City Leroy Sané
80%
62,00 2019-2020 France Olympique Lyon Tottenham Tanguy Ndombélé
75%
No matching quizzes found
Score Distribution
Percent of People with Each Score
Percentile by Number Answered
Your Score History
You have not taken this quiz